[Event "Muensterland Regionalliga 1617"]
[Site "Germany"]
[Date "2016.09.17"]
[Round "1.8"]
[White "Ende, Guenther"]
[Black "Sparwel, Oliver"]
[Result "0-1"]
[WhiteElo "1683"]
[BlackElo "1892"]
[PlyCount "72"]
[EventDate "2016.09.17"]
[EventType "team"]
[EventRounds "9"]
[EventCountry "GER"]
[SourceTitle "EXT 2018"]
[Source "ChessBase"]
[SourceDate "2017.10.13"]
[SourceVersion "1"]
[SourceVersionDate "2017.10.13"]
[SourceQuality "1"]
[WhiteTeam "Muenster SK III"]
[BlackTeam "Suedlohn"]
[WhiteTeamCountry "GER"]
[BlackTeamCountry "GER"]

1. e4 d6 2. d4 Nf6 3. Bd3 e5 4. dxe5 dxe5 5. Bb5+ Nbd7 6. Nf3 c6 7. Bd3 Qc7 8. Bg5 Be7 9. Nbd2 Nc5 10. Bxf6 Bxf6 11. Qe2 0-0 12. 0-0 b5 13. Nb3 Nxb3 14. cxb3 a6 15. b4 Be6 16. Qc2 Be7 17. Qc3 f6 18. a3 Rfd8 19. Be2 Rac8 20. Rac1 c5 21. bxc5 Bxc5 22. Kh1 Qb7 23. Rfd1 Rxd1+ 24. Bxd1 Bxf2 25. Qd2 Rxc1 26. Qxc1 Qxe4 27. Bc2 Qd5 28. Qb1 f5 29. b4 e4 30. Ng5 Kh8 31. Nxe6 Qxe6 32. Qd1 Bb6 33. Bb3 Qe5 34. g3 e3 35. Qc1 Qe4+ 36. Kg1 e2+ 0-1